000
00327nam a22001457a 4500
003
SGT
020
_a
81-207-2412-7
082
_a
910
_b
BHA
100
_a
BHATIA, A.K.
245
_a
INTERNATIONAL TOURISM MANAGEMENT
260
_a
INDIA
_b
STPPL PUB.
_c
2003
300
_a
539
650
_a
TOURISM MANAGEMENT
942
_2
ddc
_c
BK
999
_c
25725
_d
25725